The criminal law review

Bibliographic Details
Format: Book
Published: London Sweet and Maxwell 1954-
Subjects:

MARC

LEADER 00000cam a2200000 7i4500
001 0000000648
008 021118s1954
020 |a 0421 446102 
022 0 |a 00111354 
090 0 0 |a KD7850  |b .C74 c 
245 0 4 |a The criminal law review 
260 2 |a London  |b Sweet and Maxwell  |c 1954- 
650 0 |a Criminal law  |x Reviews  |z Great Britain  |x Periodicals 
999 |a 1000031902  |b Law Periodicals  |c Reference  |e Gong Badak Campus 
999 |a 1000031903  |b Law Periodicals  |c Reference  |e Gong Badak Campus 
999 |a 1000036258  |b Law Periodicals  |c Reference  |e Gong Badak Campus 
999 |a 1000059720  |b Law Periodicals  |c Reference  |e Gong Badak Campus 
999 |a 1000059721  |b Law Periodicals  |c Reference  |e Gong Badak Campus 
999 |a 1000063445  |b Law Periodicals  |c Reference  |e Gong Badak Campus 
999 |a 1000064045  |b Law Periodicals  |c Reference  |e Gong Badak Campus 
999 |a 1000085297  |b Law Periodicals  |c Reference  |e Gong Badak Campus 
999 |a 1000085298  |b Law Periodicals  |c Reference  |e Gong Badak Campus 
999 |a 1000085299  |b Law Periodicals  |c Reference  |e Gong Badak Campus 
999 |a 1000085300  |b Law Periodicals  |c Reference  |e Gong Badak Campus 
999 |a 1000086693  |b Law Periodicals  |c Reference  |e Gong Badak Campus 
999 |a 1000097325  |b Law Periodicals  |c Reference  |e Gong Badak Campus 
999 |a 1000112206  |b Law Periodicals  |c Reference  |e Gong Badak Campus 
999 |a 1000114467  |b Law Periodicals  |c Reference  |e Gong Badak Campus 
999 |a 1000114468  |b Law Periodicals  |c Reference  |e Gong Badak Campus 
999 |a 1000114469  |b Law Periodicals  |c Reference  |e Gong Badak Campus 
999 |a 1000114470  |b Law Periodicals  |c Reference  |e Gong Badak Campus 
999 |a 1000122056  |b Law Periodicals  |c Reference  |e Gong Badak Campus 
999 |a 1000128346  |b Law Periodicals  |c Reference  |e Gong Badak Campus 
999 |a 1000132024  |b Law Periodicals  |c Reference  |e Gong Badak Campus 
999 |a 1000145434  |b Law Periodicals  |c Reference  |e Gong Badak Campus 
999 |a 1000152508  |b Law Periodicals  |c Reference  |e Gong Badak Campus 
999 |a 1000156947  |b Law Periodicals  |c Reference  |e Gong Badak Campus 
999 |a 1000163751  |b Law Periodicals  |c Reference  |e Gong Badak Campus 
999 |a 1000165497  |b Law Periodicals  |c Reference  |e Gong Badak Campus 
999 |a 1000166946  |b Law Periodicals  |c Reference  |e Gong Badak Campus 
999 |a 1000172302  |b Law Periodicals  |c Reference  |e Gong Badak Campus 
999 |a 1000175465  |b Law Periodicals  |c Reference  |e Gong Badak Campus 
999 |a 1000178048  |b Law Periodicals  |c Reference  |e Gong Badak Campus 
999 |a 1000185392  |b Law Periodicals  |c Reference  |e Gong Badak Campus 
999 |a 1000185884  |b Law Periodicals  |c Reference  |e Gong Badak Campus 
999 |a 1000185924  |b Law Periodicals  |c Reference  |e Gong Badak Campus